[Event "Cannes op"]
[Site "Cannes FRA"]
[Date "1992.??.??"]
[Round "?"]
[White "Lesiege, Alexandre"]
[Black "Boudre, Jean Pierre"]
[Result "1-0"]
[WhiteElo "2375"]
[BlackElo "2405"]
[WhiteFideId "-1"]
[WhiteFideId "-1"]
[PlyCount "25"]
[GameId "2129405197132913"]
[EventDate "1992.??.??"]
[EventType "swiss"]
[EventRounds "9"]
[EventCountry "FRA"]
[SourceTitle "EXT 92op"]

1. d4 d5 2. c4 c6 3. Nf3 Nf6 4. Nc3 e6 5. Qb3 dxc4 6. Qxc4 b5 7. Qd3 Ba6 8. Qc2 b4 9. Ne4 Nxe4 10. Qxe4 Qd5 11. Qc2 Nd7 12. e4 Qa5 13. Qxc6 1-0

[Event "Cannes op"]
[Site "Cannes FRA"]
[Date "1992.??.??"]
[Round "?"]
[White "Lesiege, Alexandre"]
[Black "Pogorelov, Ruslan"]
[Result "0-1"]
[WhiteElo "2375"]
[BlackElo "2395"]
[WhiteFideId "-1"]
[WhiteFideId "-1"]
[PlyCount "76"]
[GameId "2129405197132914"]
[EventDate "1992.??.??"]
[EventType "swiss"]
[EventRounds "9"]
[EventCountry "FRA"]
[SourceTitle "EXT 92op"]

1. d4 Nf6 2. c4 e6 3. Nc3 Bb4 4. e3 O-O 5. Bd3 d5 6. Nf3 c5 7. O-O dxc4 8. Bxc4 Nbd7 9. Qe2 b6 10. d5 Bxc3 11. dxe6 Ne5 12. exf7+ Kh8 13. bxc3 Bg4 14. e4 Nh5 15. Bd5 Qf6 16. Bg5 Nxf3+ 17. gxf3 Qxg5 18. fxg4 Nf4 19. Qf3 Rad8 20. c4 Qe5 21. Kh1 Rd6 22. Qg3 Rh6 23. g5 Rh3 24. Qg4 g6 25. Rg1 Kg7 26. Rae1 h5 27. gxh6+ Rxh6 28. Qf5 Rxh2+ 29. Kxh2 Rh8+ 30. Kg3 gxf5 31. Kf3+ Ng6 32. Rxg6+ Kxg6 33. Rg1+ Kf6 34. Rg8 Ke7 35. Kg2 Qh2+ 36. Kf1 Qh1+ 37. Rg1 Qh3+ 38. Ke1 Qc3+ 0-1

[Event "Cannes op"]
[Site "Cannes FRA"]
[Date "1992.??.??"]
[Round "?"]
[White "Lesiege, Alexandre"]
[Black "Terreaux, Gilles"]
[Result "1-0"]
[WhiteElo "2375"]
[BlackElo "2255"]
[WhiteFideId "-1"]
[WhiteFideId "-1"]
[PlyCount "89"]
[GameId "2129405197132915"]
[EventDate "1992.??.??"]
[EventType "swiss"]
[EventRounds "9"]
[EventCountry "FRA"]
[SourceTitle "EXT 92op"]

1. c4 e5 2. Nc3 d6 3. g3 g6 4. d4 Nd7 5. Nf3 Bg7 6. Bg2 Ngf6 7. O-O O-O 8. e4 a6 9. d5 b5 10. cxb5 axb5 11. b4 Nb6 12. Re1 Bd7 13. Bf1 Rb8 14. Bg5 Qe8 15. Nd2 h5 16. Qc2 Nh7 17. Be3 Nc8 18. Rac1 f5 19. exf5 gxf5 20. f4 Nf6 21. fxe5 dxe5 22. Bc5 Rf7 23. Nf3 e4 24. Ng5 Re7 25. Bxe7 Qxe7 26. Nh3 Qxb4 27. Nf4 Ng4 28. Nd1 Bd4+ 29. Kh1 Qd6 30. Bh3 Ne7 31. Qd2 c5 32. Nxh5 e3 33. Nxe3 Nxe3 34. Rxe3 Nxd5 35. Rd3 Nb4 36. Qg5+ Kf8 37. Qg7+ Bxg7 38. Rxd6 Bc6+ 39. Rxc6 Nxc6 40. Rxc5 Nd4 41. Nxg7 Kxg7 42. Rd5 Nc2 43. Bxf5 Ne3 44. Re5 Nc4 45. Re2 1-0

[Event "Eurodata"]
[Site "Budapest HUN"]
[Date "1992.??.??"]
[Round "1"]
[White "Stangl, Markus"]
[Black "Lesiege, Alexandre"]
[Result "0-1"]
[WhiteElo "2475"]
[BlackElo "2375"]
[WhiteFideId "-1"]
[WhiteFideId "-1"]
[PlyCount "82"]
[GameId "2129405197357530"]
[EventDate "1992.??.??"]
[EventType "tourn"]
[EventRounds "12"]
[EventCountry "HUN"]
[EventCategory "8"]
[SourceTitle "EXT 92"]

1. Nf3 c5 2. c4 Nc6 3. d4 cxd4 4. Nxd4 Nf6 5. Nc3 e5 6. Ndb5 d6 7. Bg5 a6 8. Bxf6 gxf6 9. Na3 f5 10. g3 Bg7 11. Bg2 O-O 12. O-O e4 13. Qd2 Qa5 14. Rac1 Be6 15. Rfd1 Rac8 16. g4 fxg4 17. Nxe4 Qe5 18. b4 Qb2 19. Nb1 Nxb4 20. a3 Nc6 21. Nxd6 Rc7 22. Qxb2 Bxb2 23. Rc2 Be5 24. Nxb7 Nd4 25. Rcd2 Rxc4 26. Na5 Rc5 27. Nb7 Rc7 28. Na5 Rc5 29. Nb7 Rc7 30. Na5 Rfc8 31. Kf1 Rc5 32. Nb7 Rc1 33. Be4 f5 34. Nd6 Bxd6 35. Rxd4 fxe4 36. Rxd6 Bb3 37. Re1 Rxe1+ 38. Kxe1 Rc1+ 39. Kd2 Rd1+ 40. Kc3 Rxd6 41. Kxb3 Rf6 0-1

[Event "Eurodata"]
[Site "Budapest HUN"]
[Date "1992.??.??"]
[Round "2"]
[White "Lesiege, Alexandre"]
[Black "David, Alberto"]
[Result "1-0"]
[WhiteElo "2375"]
[BlackElo "2365"]
[WhiteFideId "-1"]
[WhiteFideId "-1"]
[PlyCount "61"]
[GameId "2129405197357534"]
[EventDate "1992.??.??"]
[EventType "tourn"]
[EventRounds "12"]
[EventCountry "HUN"]
[EventCategory "8"]
[SourceTitle "EXT 92"]

1. d4 Nf6 2. c4 g6 3. Nf3 Bg7 4. g3 O-O 5. Bg2 c5 6. Nc3 d6 7. O-O Nc6 8. d5 Na5 9. Nd2 a6 10. Qc2 Rb8 11. b3 b5 12. Bb2 Re8 13. e4 e6 14. Rae1 bxc4 15. bxc4 Bd7 16. h3 Rb4 17. a3 Rb8 18. Rb1 Bh6 19. f4 Nh5 20. Ne2 e5 21. Bf3 Bxh3 22. Rf2 Nxg3 23. Nxg3 Bxf4 24. Ngf1 Bxf1 25. Nxf1 Rb3 26. Bc3 Qg5+ 27. Bg2 Rxb1 28. Qxb1 Nxc4 29. Qb7 Ne3 30. Nxe3 f5 31. Nf1 1-0

[Event "Eurodata"]
[Site "Budapest HUN"]
[Date "1992.??.??"]
[Round "4"]
[White "Lukacs, Peter"]
[Black "Lesiege, Alexandre"]
[Result "1/2-1/2"]
[WhiteElo "2455"]
[BlackElo "2375"]
[WhiteFideId "-1"]
[WhiteFideId "-1"]
[PlyCount "65"]
[GameId "2129405197357547"]
[EventDate "1992.??.??"]
[EventType "tourn"]
[EventRounds "12"]
[EventCountry "HUN"]
[EventCategory "8"]
[SourceTitle "EXT 92"]

1. d4 Nf6 2. c4 g6 3. Nc3 Bg7 4. e4 d6 5. Nf3 O-O 6. Be2 e5 7. O-O Nc6 8. d5 Ne7 9. Nd2 a5 10. a3 c5 11. Rb1 Ne8 12. b4 axb4 13. axb4 b6 14. Nf3 h6 15. Ne1 f5 16. f3 g5 17. Nd3 Ng6 18. Nf2 Nf4 19. g3 Nxe2+ 20. Qxe2 g4 21. fxg4 f4 22. bxc5 bxc5 23. Nb5 Qg5 24. Rb3 Ra1 25. Qb2 Ra4 26. Qc2 Bxg4 27. Nxg4 Qxg4 28. Rbf3 Ra1 29. Qb2 Ra4 30. Qe2 h5 31. Qc2 Ra1 32. Qb2 Ra4 33. Qc2 1/2-1/2

[Event "Eurodata"]
[Site "Budapest HUN"]
[Date "1992.??.??"]
[Round "5"]
[White "Lesiege, Alexandre"]
[Black "Brunner, Lucas"]
[Result "1/2-1/2"]
[WhiteElo "2375"]
[BlackElo "2490"]
[WhiteFideId "-1"]
[WhiteFideId "-1"]
[PlyCount "72"]
[GameId "2129405197357553"]
[EventDate "1992.??.??"]
[EventType "tourn"]
[EventRounds "12"]
[EventCountry "HUN"]
[EventCategory "8"]
[SourceTitle "EXT 92"]

1. d4 Nf6 2. c4 e6 3. Nc3 Bb4 4. e3 b6 5. Nge2 Ba6 6. a3 Bxc3+ 7. Nxc3 d5 8. b3 O-O 9. Be2 Nc6 10. a4 Qd7 11. Nb5 Bb7 12. O-O a6 13. Nc3 dxc4 14. bxc4 Rfd8 15. Rb1 Na5 16. f3 c5 17. dxc5 Qe7 18. Qc2 Qxc5 19. Nd1 Rac8 20. Bb2 e5 21. Qc3 Nd7 22. Ba3 Qc7 23. Nb2 Nc5 24. Rfd1 f6 25. Rxd8+ Rxd8 26. Rd1 Rxd1+ 27. Bxd1 Bc8 28. Bc2 Be6 29. Bb1 Bf7 30. Bc2 Nab7 31. Qd2 Nd6 32. Qc3 a5 33. Bd1 Ncb7 34. Be2 Qc6 35. Kh1 Nc5 36. Bd1 Ncb7 1/2-1/2

[Event "Eurodata"]
[Site "Budapest HUN"]
[Date "1992.??.??"]
[Round "6"]
[White "Lau, Ralf"]
[Black "Lesiege, Alexandre"]
[Result "1/2-1/2"]
[WhiteElo "2520"]
[BlackElo "2375"]
[WhiteFideId "-1"]
[WhiteFideId "-1"]
[PlyCount "106"]
[GameId "2129405197357557"]
[EventDate "1992.??.??"]
[EventType "tourn"]
[EventRounds "12"]
[EventCountry "HUN"]
[EventCategory "8"]
[SourceTitle "EXT 92"]

1. e4 c5 2. Nf3 e6 3. d4 cxd4 4. Nxd4 Nf6 5. Nc3 d6 6. g4 h6 7. h4 Nc6 8. Rg1 h5 9. gxh5 Nxh5 10. Bg5 Nf6 11. Be2 a6 12. Qd2 Qb6 13. Nb3 Bd7 14. h5 Nxh5 15. Rh1 g6 16. O-O-O Qxf2 17. e5 Qf5 18. Kb1 d5 19. Rdf1 Qxe5 20. Bxh5 Rxh5 21. Rxh5 gxh5 22. Re1 Qd6 23. Nxd5 Be7 24. Nf6+ Kd8 25. Qf2 Bxf6 26. Bxf6+ Kc7 27. Nd2 b5 28. Ne4 Qd5 29. Qh2+ e5 30. Nc3 Qf3 31. Bxe5+ Kb7 32. Ne4 Rg8 33. Nc5+ Kc8 34. Bc3 Qd5 35. Nxa6 Kb7 36. Nc7 Rg2 37. Nxd5 Rxh2 38. Rf1 Bf5 39. Ne3 Bg6 40. a3 h4 41. Ka2 h3 42. Rf3 Rh1 43. Rf4 f5 44. Rh4 Bf7+ 45. b3 Be6 46. Kb2 h2 47. Ng2 Bd5 48. Ne3 Be4 49. Rh6 Kc7 50. Ka2 Kd7 51. Kb2 Kc7 52. Ka2 Kd7 53. Kb2 Kc7 1/2-1/2

[Event "Eurodata"]
[Site "Budapest HUN"]
[Date "1992.??.??"]
[Round "7"]
[White "Lesiege, Alexandre"]
[Black "Sherzer, Alex"]
[Result "1/2-1/2"]
[WhiteElo "2375"]
[BlackElo "2460"]
[WhiteFideId "-1"]
[WhiteFideId "-1"]
[PlyCount "160"]
[GameId "2129405197357565"]
[EventDate "1992.??.??"]
[EventType "tourn"]
[EventRounds "12"]
[EventCountry "HUN"]
[EventCategory "8"]
[SourceTitle "EXT 92"]

1. d4 Nf6 2. c4 g6 3. g3 Bg7 4. Bg2 O-O 5. Nc3 d6 6. Nf3 Nbd7 7. O-O e5 8. e4 c6 9. b3 exd4 10. Nxd4 Re8 11. h3 Nc5 12. Re1 a5 13. Rb1 Nfd7 14. Be3 h5 15. Qc2 h4 16. g4 g5 17. Nf5 Be5 18. Qd2 Qf6 19. Ne2 Ne6 20. Nxd6 Rd8 21. Nf5 Ndc5 22. Qc2 Nd3 23. Red1 Nb4 24. Rxd8+ Qxd8 25. Qd2 Qxd2 26. Bxd2 Nxa2 27. Ne7+ Kf8 28. Nxc8 Rxc8 29. Bxa5 Ra8 30. Be1 c5 31. f4 Nxf4 32. Nxf4 gxf4 33. Rd1 Nb4 34. Bxb4 cxb4 35. Rd5 f6 36. g5 Kg7 37. Bf3 Kg6 38. gxf6 Kxf6 39. Bd1 Ra2 40. Kf1 Rh2 41. Bg4 Rb2 42. Bd1 b6 43. Rd3 Ke7 44. Rd5 Bd6 45. Rf5 Rh2 46. Bg4 Rh1+ 47. Ke2 Rb1 48. e5 Bc5 49. Kf3 Rxb3+ 50. Kxf4 Rc3 51. e6 b3 52. Rf7+ Ke8 53. Bh5 b2 54. Rd7+ Kf8 55. Rf7+ Kg8 56. Bg6 Rxh3 57. Bh7+ Kh8 58. Bf5 Rh1 59. Kg4 Rf1 60. Bd3 Rd1 61. Bf5 Rf1 62. Bc2 Re1 63. Kxh4 Rxe6 64. Rf3 Re2 65. Bf5 Kg7 66. Kg4 Kf6 67. Bb1+ Ke5 68. Rb3 Kd4 69. Ba2 Ke5 70. Bb1 Rd2 71. Ba2 Bd4 72. Bb1 Bc5 73. Ba2 Rc2 74. Rb5 Kd6 75. Kf3 Kc6 76. Bb1 Rd2 77. Ke4 Kc7 78. Bd3 Kb7 79. Bb1 Ka6 80. Bd3 Ka7 1/2-1/2

[Event "Eurodata"]
[Site "Budapest HUN"]
[Date "1992.??.??"]
[Round "8"]
[White "Horvath, Csaba"]
[Black "Lesiege, Alexandre"]
[Result "1/2-1/2"]
[WhiteElo "2515"]
[BlackElo "2375"]
[WhiteFideId "-1"]
[WhiteFideId "-1"]
[PlyCount "43"]
[GameId "2129405197357568"]
[EventDate "1992.??.??"]
[EventType "tourn"]
[EventRounds "12"]
[EventCountry "HUN"]
[EventCategory "8"]
[SourceTitle "EXT 92"]

1. d4 Nf6 2. c4 e6 3. Nf3 Bb4+ 4. Bd2 c5 5. Bxb4 cxb4 6. g3 O-O 7. Bg2 d6 8. Nbd2 Nc6 9. Nf1 e5 10. Ne3 Ng4 11. Nd5 e4 12. Nd2 f5 13. e3 Be6 14. h3 Nh6 15. Nf4 Bf7 16. g4 Qh4 17. Qe2 Rae8 18. O-O-O g5 19. Nd5 Bg6 20. Nc7 Re7 21. Nd5 Ree8 22. Nc7 1/2-1/2

[Event "Eurodata"]
[Site "Budapest HUN"]
[Date "1992.??.??"]
[Round "9"]
[White "Lesiege, Alexandre"]
[Black "Madl, Ildiko"]
[Result "0-1"]
[WhiteElo "2375"]
[BlackElo "2410"]
[WhiteFideId "-1"]
[WhiteFideId "-1"]
[PlyCount "120"]
[GameId "2129405197357578"]
[EventDate "1992.??.??"]
[EventType "tourn"]
[EventRounds "12"]
[EventCountry "HUN"]
[EventCategory "8"]
[SourceTitle "EXT 92"]

1. c4 c5 2. Nc3 g6 3. g3 Bg7 4. Bg2 Nf6 5. e3 e6 6. Nge2 Nc6 7. d4 cxd4 8. exd4 d5 9. cxd5 Nxd5 10. Nxd5 exd5 11. Qb3 O-O 12. Be3 Qa5+ 13. Qc3 Be6 14. Qxa5 Nxa5 15. b3 Rfd8 16. h4 Nc6 17. Kd2 Rac8 18. h5 Nb4 19. a3 Nc2 20. Ra2 Nxe3 21. fxe3 Rc6 22. hxg6 fxg6 23. b4 Bf8 24. Nf4 Bf7 25. Rc2 Rxc2+ 26. Kxc2 g5 27. Ne2 Kg7 28. Kd2 h5 29. Bf3 g4 30. Bg2 Bd6 31. Rc1 Kh6 32. Nf4 Kg5 33. Ke2 Bg8 34. Kf2 Rf8 35. Rh1 Bxf4 36. exf4+ Kg6 37. Rc1 h4 38. Rc5 Kf5 39. Bxd5 b6 40. Bxg8+ bxc5 41. Bh7+ Ke6 42. dxc5 h3 43. Be4 Rd8 44. b5 Rd1 45. b6 axb6 46. cxb6 Kd6 47. b7 Kc7 48. f5 h2 49. f6 h1=Q 50. Bxh1 Rxh1 51. f7 Rh8 52. Ke3 Kxb7 53. Kf4 Kc7 54. Kf5 Kd7 55. Kf6 Ra8 56. a4 Rf8 57. a5 Ra8 58. a6 Rf8 59. a7 Ra8 60. Kg7 Ke7 0-1

[Event "Eurodata"]
[Site "Budapest HUN"]
[Date "1992.??.??"]
[Round "10"]
[White "Anic, Darko"]
[Black "Lesiege, Alexandre"]
[Result "1-0"]
[WhiteElo "2395"]
[BlackElo "2375"]
[WhiteFideId "-1"]
[WhiteFideId "-1"]
[PlyCount "105"]
[GameId "2129405197357579"]
[EventDate "1992.??.??"]
[EventType "tourn"]
[EventRounds "12"]
[EventCountry "HUN"]
[EventCategory "8"]
[SourceTitle "EXT 92"]

1. Nf3 d5 2. g3 g6 3. Bg2 Bg7 4. d4 c6 5. Nbd2 Nf6 6. O-O O-O 7. c3 Bf5 8. Nh4 Nbd7 9. Nxf5 gxf5 10. Qc2 e6 11. Nf3 c5 12. dxc5 Nxc5 13. Be3 Qe7 14. Rad1 b5 15. Nd4 a6 16. f3 Rfc8 17. Qd2 Nfd7 18. Bh3 Ne5 19. b3 Qf6 20. Kh1 Rc7 21. Rg1 h5 22. Bg5 Qg6 23. Bf4 Ncd7 24. Rc1 Rac8 25. Qe3 Kh7 26. Rgd1 Rc5 27. Qd2 R8c7 28. Rc2 Bh6 29. Qc1 Qf6 30. Qd2 Bxf4 31. gxf4 Nc6 32. e3 Nxd4 33. exd4 R5c6 34. Rg1 Nf8 35. Rg5 Kh6 36. Bf1 Ng6 37. Qe3 Qd8 38. Rcg2 Qd6 39. Qg1 Qe7 40. R2g3 Rc8 41. Rxh5+ Kg7 42. h4 Qf6 43. Rhg5 Kh6 44. h5 Nf8 45. Qh2 Rxc3 46. Rg8 Rc2 47. Qh3 Kh7 48. Rg1 Nd7 49. R8g6 Qxd4 50. Qg3 Qb2 51. Rg7+ Kh8 52. Rxf7 Nc5 53. Rh7+ 1-0

[Event "Eurodata"]
[Site "Budapest HUN"]
[Date "1992.??.??"]
[Round "13"]
[White "Lesiege, Alexandre"]
[Black "Godena, Michele"]
[Result "1/2-1/2"]
[WhiteElo "2375"]
[BlackElo "2425"]
[WhiteFideId "-1"]
[WhiteFideId "-1"]
[PlyCount "76"]
[GameId "2129405197357601"]
[EventDate "1992.??.??"]
[EventType "tourn"]
[EventRounds "12"]
[EventCountry "HUN"]
[EventCategory "8"]
[SourceTitle "EXT 92"]

1. d4 d5 2. c4 e6 3. Nc3 Bb4 4. e3 Ne7 5. Bd3 c5 6. Nf3 Nbc6 7. O-O cxd4 8. exd4 dxc4 9. Bxc4 O-O 10. a3 Bd6 11. Qd3 Ng6 12. Re1 h6 13. Be3 Nh4 14. Nxh4 Qxh4 15. h3 Rd8 16. Rad1 Bc5 17. Ne2 Ne5 18. Qc3 Nxc4 19. dxc5 Nxe3 20. Rxd8+ Qxd8 21. Qxe3 Bd7 22. Rd1 Qc7 23. Ng3 Bc6 24. Rd6 Rd8 25. Qd4 Rxd6 26. cxd6 Qb8 27. Qc3 Qd8 28. Qd4 f6 29. f3 Kf7 30. b4 Qb6 31. Qxb6 axb6 32. Kf2 e5 33. Ke3 Ke6 34. h4 g6 35. h5 gxh5 36. Nxh5 f5 37. Ng7+ Kf6 38. Nh5+ Ke6 1/2-1/2

[Event "Hyeres op"]
[Site "Hyeres FRA"]
[Date "1992.??.??"]
[Round "?"]
[White "Foisor, Ovidiu"]
[Black "Lesiege, Alexandre"]
[Result "0-1"]
[WhiteElo "2450"]
[BlackElo "2375"]
[WhiteFideId "-1"]
[WhiteFideId "-1"]
[PlyCount "109"]
[GameId "2129405197704702"]
[EventDate "1992.??.??"]
[EventType "swiss"]
[EventRounds "9"]
[EventCountry "FRA"]
[SourceTitle "TD 92\11"]

1. c4 g6 2. g3 Bg7 3. Bg2 c5 4. Nc3 Nc6 5. Nf3 e6 6. d4 cxd4 7. Nb5 d5 8. cxd5 exd5 9. O-O Nge7 10. Nbxd4 O-O 11. Be3 Re8 12. Re1 Bg4 13. Qa4 Qd7 14. Nxc6 Nxc6 15. Qb5 d4 16. Rad1 Rad8 17. Bg5 Rc8 18. Bf4 a6 19. Qb6 h6 20. h3 Bf5 21. Rd2 g5 22. g4 Bxg4 23. hxg4 gxf4 24. Kh2 Re6 25. Bh3 Ne5 26. Qb3 Rg6 27. Nxe5 Bxe5 28. Qf3 Rg5 29. Kh1 Rc6 30. Red1 Kh8 31. Rg1 Rcg6 32. Rdd1 f6 33. Rc1 Rg8 34. Rg2 Qg7 35. Qe4 Qf7 36. Qf3 Qxa2 37. Qxb7 Rb8 38. Rc8+ Rxc8 39. Qxc8+ Rg8 40. Qb7 Rb8 41. Qc6 Qxb2 42. Qxa6 f3 43. exf3 Qc1+ 44. Rg1 Qf4 45. Rg3 Qd2 46. Kg2 Qf4 47. g5 hxg5 48. Bg4 Bd6 49. Qa7 Bc7 50. Qa2 Kg7 51. Qe6 Qd6 52. Qf5 Rh8 53. Qd3 Rh4 54. Bf5 Qe5 55. Bg4 0-1

[Event "Hyeres op"]
[Site "Hyeres FRA"]
[Date "1992.??.??"]
[Round "?"]
[White "Lesiege, Alexandre"]
[Black "Farago, Ivan"]
[Result "0-1"]
[WhiteElo "2375"]
[BlackElo "2510"]
[WhiteFideId "-1"]
[WhiteFideId "-1"]
[PlyCount "60"]
[GameId "2129405197712948"]
[EventDate "1992.??.??"]
[EventType "swiss"]
[EventRounds "9"]
[EventCountry "FRA"]
[SourceTitle "TD 92\11"]

1. d4 e6 2. c4 Nf6 3. Nc3 Bb4 4. e3 O-O 5. Bd3 d5 6. Nf3 dxc4 7. Bxc4 c5 8. O-O Nbd7 9. Qe2 b6 10. a3 cxd4 11. exd4 Bxc3 12. bxc3 Qc7 13. Bd2 Bb7 14. Bd3 Rad8 15. Rfe1 Rfe8 16. Rad1 Nd5 17. Ng5 Nf8 18. Qh5 h6 19. Ne4 Nf4 20. Qg4 N8g6 21. Qg3 Re7 22. Bf1 Kh8 23. c4 Red7 24. Nc3 Ba6 25. Bxf4 Nxf4 26. d5 exd5 27. cxd5 Bxf1 28. d6 Qc4 29. Rxf1 Rxd6 30. Rxd6 Rxd6 0-1

[Event "Hyeres op"]
[Site "Hyeres FRA"]
[Date "1992.??.??"]
[Round "?"]
[White "Lesiege, Alexandre"]
[Black "Flear, Glenn"]
[Result "1-0"]
[WhiteElo "2375"]
[BlackElo "2505"]
[WhiteFideId "-1"]
[WhiteFideId "-1"]
[PlyCount "69"]
[GameId "2129405197712949"]
[EventDate "1992.??.??"]
[EventType "swiss"]
[EventRounds "9"]
[EventCountry "FRA"]
[SourceTitle "TD 92\11"]

1. c4 e6 2. d4 d5 3. Nc3 c6 4. Nf3 dxc4 5. a4 Bb4 6. e3 b5 7. Bd2 a5 8. Qb1 Ba6 9. Ne4 Nd7 10. axb5 cxb5 11. Bxb4 axb4 12. Nd6+ Ke7 13. Ne5 Nxe5 14. dxe5 Nf6 15. exf6+ Kxd6 16. fxg7 Rg8 17. Be2 Bb7 18. Rxa8 Qxa8 19. Qd1+ Ke7 20. Qd4 Bxg2 21. Rg1 Qd5 22. Qh4+ f6 23. Qxh7 c3 24. f3 Kf7 25. Rxg2 Qd2+ 26. Kf2 c2 27. Qh5+ Ke7 28. Qc5+ Kd7 29. Rg1 Qd6 30. Bxb5+ Ke7 31. Qa7+ Kd8 32. Qa8+ Kc7 33. Qa7+ Kc8 34. f4 Qd2+ 35. Be2 1-0

[Event "Hyeres op"]
[Site "Hyeres FRA"]
[Date "1992.??.??"]
[Round "?"]
[White "Lesiege, Alexandre"]
[Black "Kosten, Anthony"]
[Result "0-1"]
[WhiteElo "2375"]
[BlackElo "2515"]
[WhiteFideId "-1"]
[WhiteFideId "-1"]
[PlyCount "46"]
[GameId "2129405197712950"]
[EventDate "1992.??.??"]
[EventType "swiss"]
[EventRounds "9"]
[EventCountry "FRA"]
[SourceTitle "TD 92\11"]

1. d4 Nf6 2. c4 e6 3. Nc3 Bb4 4. e3 O-O 5. Bd3 d5 6. Nf3 c5 7. O-O dxc4 8. Bxc4 Nbd7 9. Qe2 a6 10. a3 Ba5 11. Ba2 cxd4 12. exd4 Bxc3 13. bxc3 b5 14. a4 Bb7 15. Bb1 Qc7 16. Bd2 Bd5 17. Bd3 Bc4 18. Ne1 Nb6 19. Nc2 Bxd3 20. Qxd3 Nxa4 21. Nb4 Qb7 22. Ra2 Rfc8 23. Rb1 Ne4 0-1

[Event "Hyeres op"]
[Site "Hyeres FRA"]
[Date "1992.??.??"]
[Round "?"]
[White "Lesiege, Alexandre"]
[Black "Lanka, Zigurds"]
[Result "1-0"]
[WhiteElo "2375"]
[BlackElo "2520"]
[WhiteFideId "-1"]
[WhiteFideId "-1"]
[PlyCount "69"]
[GameId "2129405197712951"]
[EventDate "1992.??.??"]
[EventType "swiss"]
[EventRounds "9"]
[EventCountry "FRA"]
[SourceTitle "TD 92\11"]

1. d4 Nf6 2. c4 g6 3. g3 Bg7 4. Bg2 d6 5. Nf3 Bd7 6. O-O Nc6 7. Nc3 a6 8. Qc2 Rb8 9. d5 Na5 10. Nd2 b5 11. cxb5 axb5 12. b4 Nc4 13. Nxc4 bxc4 14. Rb1 O-O 15. Bg5 Qc8 16. b5 Bh3 17. Bxf6 exf6 18. Rb4 Bxg2 19. Kxg2 f5 20. a4 Qb7 21. Rd1 Rfe8 22. Rxc4 Re7 23. e3 Re5 24. Rc6 h5 25. Na2 Re4 26. Rb1 Qa8 27. Nb4 Rb7 28. Na6 h4 29. Rxc7 h3+ 30. Kxh3 Rxc7 31. Nxc7 Qc8 32. Kg2 Bf6 33. b6 Bd8 34. Qc6 Kh7 35. b7 1-0

[Event "Hyeres op"]
[Site "Hyeres FRA"]
[Date "1992.??.??"]
[Round "?"]
[White "Lesiege, Alexandre"]
[Black "Shevelev, Sergei"]
[Result "0-1"]
[WhiteElo "2375"]
[BlackElo "2415"]
[WhiteFideId "-1"]
[WhiteFideId "-1"]
[PlyCount "72"]
[GameId "2129405197712952"]
[EventDate "1992.??.??"]
[EventType "swiss"]
[EventRounds "9"]
[EventCountry "FRA"]
[SourceTitle "TD 92\11"]

1. d4 d5 2. c4 c6 3. Nf3 Nf6 4. Nc3 e6 5. Bg5 h6 6. Bxf6 Qxf6 7. e3 Qd8 8. Bd3 Be7 9. O-O O-O 10. Qe2 Nd7 11. e4 dxc4 12. Bxc4 b5 13. Bd3 b4 14. Na4 Qa5 15. b3 c5 16. Rac1 Bb7 17. Bb5 Nf6 18. dxc5 Bxe4 19. Ne5 Rfc8 20. Nd7 Bc6 21. Bxc6 Rxc6 22. Nxf6+ Bxf6 23. Rc4 Qb5 24. Rd1 Qb7 25. Rd3 a5 26. Qd1 Qc7 27. Nb6 Re8 28. Nd7 Be7 29. Rg4 e5 30. Rdg3 g5 31. h4 Rd8 32. Rd3 Re6 33. hxg5 hxg5 34. Rd5 f6 35. Rg3 a4 36. Rgd3 Kg7 0-1

[Event "Hyeres op"]
[Site "Hyeres FRA"]
[Date "1992.??.??"]
[Round "?"]
[White "Solozhenkin, Evgeniy"]
[Black "Lesiege, Alexandre"]
[Result "0-1"]
[WhiteElo "2465"]
[BlackElo "2375"]
[WhiteFideId "-1"]
[WhiteFideId "-1"]
[PlyCount "66"]
[GameId "2129405197713010"]
[EventDate "1992.??.??"]
[EventType "swiss"]
[EventRounds "9"]
[EventCountry "FRA"]
[SourceTitle "TD 92\11"]

1. d4 Nf6 2. c4 e6 3. Nf3 Bb4+ 4. Nbd2 b6 5. a3 Bxd2+ 6. Bxd2 Bb7 7. Bg5 d6 8. e3 Nbd7 9. Nd2 c5 10. dxc5 dxc5 11. Qc2 Qe7 12. f3 h6 13. Bh4 O-O-O 14. Be2 g5 15. Bf2 e5 16. e4 Nh5 17. g3 Ng7 18. Qa4 Kb8 19. Nb1 Ne6 20. Nc3 Nd4 21. Nd5 Bxd5 22. cxd5 f5 23. b4 g4 24. fxg4 fxe4 25. Rc1 cxb4 26. axb4 Nf6 27. b5 Nxd5 28. Bxd4 exd4 29. Qxd4 Nf4 30. Qb2 Nd3+ 31. Bxd3 exd3+ 32. Kd1 d2 33. Ra1 Qe4 0-1

[Event "Labour Day op"]
[Site "Toronto CAN"]
[Date "1992.??.??"]
[Round "2"]
[White "Livshits, Ron"]
[Black "Lesiege, Alexandre"]
[Result "1/2-1/2"]
[WhiteElo "2310"]
[BlackElo "2375"]
[WhiteFideId "-1"]
[WhiteFideId "-1"]
[PlyCount "113"]
[GameId "2160767912376014"]
[EventDate "1992.??.??"]
[EventType "swiss"]
[EventRounds "6"]
[EventCountry "CAN"]
[SourceTitle "EXT 99"]
[Source "ChessBase"]
[SourceDate "1998.11.10"]
[SourceVersion "1"]
[SourceVersionDate "1998.11.10"]
[SourceQuality "1"]

1. Nf3 d5 2. d4 c6 3. c4 e6 4. Qc2 f5 5. g3 Nf6 6. Bg2 Ne4 7. O-O Nd7 8. b3 a5 9. Nbd2 a4 10. Ne1 axb3 11. Qxb3 Qb6 12. Qe3 Ndf6 13. c5 Qa7 14. Nb3 Ng4 15. Qd3 b6 16. f3 bxc5 17. fxe4 fxe4 18. Qd1 c4 19. e3 e5 20. Bh3 h5 21. Nc5 exd4 22. exd4 Bxc5 23. dxc5 Qxc5+ 24. Kg2 Nf2 25. Rxf2 Bxh3+ 26. Kg1 e3 27. Qe2 d4 28. Rf4 O-O-O 29. Rb1 d3 30. Qxe3 Qxe3+ 31. Bxe3 d2 32. Bxd2 Rxd2 33. Rxc4 Rf8 34. Nc2 Rg2+ 35. Kh1 Rff2 36. Ne3 Rxh2+ 37. Kg1 Rb2 38. Rxc6+ Kb7 39. Rxb2+ Rxb2 40. Rg6 Rxa2 41. Rxg7+ Kc6 42. Rg5 Bg4 43. Nxg4 hxg4 44. Rxg4 Kd5 45. Rf4 Ke5 46. Rf2 Rxf2 47. Kxf2 Kf5 48. Kf3 Kg5 49. g4 Kg6 50. Kf4 Kf6 51. g5+ Kg6 52. Kg4 Kg7 53. Kf5 Kf7 54. g6+ Kg8 55. Kf6 Kf8 56. g7+ Kg8 57. Kg6 1/2-1/2

[Event "Oakham"]
[Site "Oakham ENG"]
[Date "1992.??.??"]
[Round "1"]
[White "Adams, Michael"]
[Black "Lesiege, Alexandre"]
[Result "1/2-1/2"]
[WhiteElo "2620"]
[BlackElo "2375"]
[WhiteFideId "-1"]
[WhiteFideId "-1"]
[PlyCount "141"]
[GameId "2129405198259561"]
[EventDate "1992.??.??"]
[EventType "swiss"]
[EventRounds "9"]
[EventCountry "ENG"]
[SourceTitle "CBM 30"]

1. d4 Nf6 2. Bg5 Ne4 3. h4 c5 4. dxc5 Na6 5. Nd2 Naxc5 6. Ngf3 Qb6 7. Nxe4 Nxe4 8. Qd4 Qxd4 9. Nxd4 a6 10. g3 e5 11. Nb3 d5 12. Bg2 Nxg5 13. hxg5 Be6 14. f4 O-O-O 15. Kf2 Be7 16. Rad1 d4 17. Bh3 Bxh3 18. Rxh3 f6 19. gxf6 Bxf6 20. Kf3 Rde8 21. fxe5 Bxe5 22. Rd2 Bf6 23. Rh5 Re3+ 24. Kf2 Rf8 25. Rc5+ Kb8 26. Rf5 Rfe8 27. Nc5 d3 28. cxd3 Bd4 29. Ke1 Rxg3 30. Ne4 Rg1+ 31. Rf1 Rf8 32. Rxg1 Bxg1 33. Rc2 Be3 34. Rc4 h5 35. Nc5 Rf5 36. Ne6 h4 37. Re4 h3 38. Rxe3 Rh5 39. Rxh3 Rxh3 40. Nxg7 Kc7 41. Kd2 Kd6 42. Nf5+ Ke5 43. e4 Rh2+ 44. Kc3 Rh7 45. a4 Rc7+ 46. Kd2 b5 47. axb5 axb5 48. Ne3 Kd4 49. b4 Rh7 50. Nc2+ Ke5 51. Na3 Ra7 52. Nxb5 Rb7 53. Nc3 Rxb4 54. Ke3 Rb3 55. d4+ Ke6 56. Kd3 Rb8 57. Nd5 Rh8 58. Nf4+ Kf6 59. Ke3 Rh1 60. d5 Ra1 61. Nd3 Ra3 62. e5+ Kf5 63. e6 Ra4 64. Nc5 Ra1 65. Kd4 Re1 66. Kc4 Re5 67. Nb3 Kf6 68. Nd4 Re1 69. Kc5 Re4 70. d6 Rxd4 71. Kxd4 1/2-1/2